Estatísticas para Maiores Objetos do Sistema Solar

Clique aqui para jogar o quiz

Estatísticas Gerais

  • Esse quiz foi jogado 2 448 vezes
  • A pontuação média é 14 de 35

Respostas no mapa

Respostas codificadas por cores de uma escala verde-vermelha no mapa do quiz de acordo com a % correta abaixo.
 

Estatísticas das Respostas

TipoRaio Médio (km)Resposta% Correto
Planeta6.371Terra
99%
Planeta3.389,5Marte
98%
Planeta58.232Saturno
98%
Planeta69.911Júpiter
97%
Planeta25.362Urano
96%
Planeta6.051,8Vênus
95%
Estrela696.342Sol
94%
Satélite Terrestre1.737,4Lua
93%
Planeta2.439,7Mercúrio
93%
Planeta24.622Netuno
93%
Planeta anão1.188,3Plutão
93%
Satélite de Júpiter1.560,8Europa
52%
Satélite de Saturno2.574,43Titã
35%
Satélite de Júpiter1.821,6Io
29%
Satélite de Júpiter2.634,1Ganimedes
27%
Planeta anão469,7Ceres
26%
Satélite de Júpiter2.410,3Calisto
21%
Planeta anão1.163Eris
16%
Planeta anão715Makemake
16%
Satélite de Netuno1.353,4Tritão
16%
Planeta anão780 (elipsóide)Haumea
14%
Satélite Plutoniano606Caronte
13%
Satélite de Saturno734,5Jápeto
12%
Satélite de Urano788,4Titânia
12%
Satélite de Saturno763,8Reia
11%
Sednoide~498Sedna
10%
Satélite de Saturno531,1Tétis
10%
Satélite de Urano578,9Ariel
9%
Satélite de Saturno561,4Dione
9%
Satélite de Urano761,4Oberon
9%
Satélite de Urano584,7Umbriel
9%
Plutino~455Orco
7%
Cubewano~423Salácia
6%
Planeta anão?~615Gonggong
5%
Cubewano543Quaoar
5%

Distribuição das Pontuações

Percentil de Números Respondidos

Porcentagem de Pessoas com Cada Pontuação

Sua Pontuação Histórica

Você não jogou esse quiz